Southville International School and Colleges
Your cart is empty.
  • Cart
  • Lists
    Public lists Eva Luna New books Lux_list list_1
    Your lists Log in to create your own lists
  • Log in to your account
  • Your cookies
  • Search history
Southville International School and Colleges
  • Advanced search
  • Recent comments
  • Most popular
  • Libraries

Log in to your account

Log in with GOOGLE


If you do not have an external account, but do have a local account, you can still log in:

  1. Home
  2. MARC view: How Starbucks saved my life :
Normal view MARC view ISBD view

How Starbucks saved my life : (Record no. 276953)

[ view plain ]
MARC details
000 -LEADER
fixed length control field 02450cam a2200385 a 4500
001 - CONTROL NUMBER
control field 14749552
005 - DATE AND TIME OF LATEST TRANSACTION
control field 20141211162910.0
008 - FIXED-LENGTH DATA ELEMENTS--GENERAL INFORMATION
fixed length control field 070227s2007 nyu 000 0aeng
010 ## - LIBRARY OF CONGRESS CONTROL NUMBER
LC control number 2007008168
020 ## - INTERNATIONAL STANDARD BOOK NUMBER
International Standard Book Number 9781592402861
020 ## - INTERNATIONAL STANDARD BOOK NUMBER
International Standard Book Number 1592402860
020 ## - INTERNATIONAL STANDARD BOOK NUMBER
International Standard Book Number 9780007268863
035 ## - SYSTEM CONTROL NUMBER
System control number (OCoLC)ocm85783305
035 ## - SYSTEM CONTROL NUMBER
System control number (OCoLC)85783305
040 ## - CATALOGING SOURCE
Original cataloging agency DLC
Transcribing agency DLC
Modifying agency IG#
-- BAKER
-- BTCTA
-- JED
-- ZS3
-- YDXCP
-- BUR
-- DLC
043 ## - GEOGRAPHIC AREA CODE
Geographic area code n-us-ny
050 00 - LIBRARY OF CONGRESS CALL NUMBER
Classification number HF 5810.H44
Item number .G475 2008
082 00 - DEWEY DECIMAL CLASSIFICATION NUMBER
Classification number 647.95092
-- B
100 1# - MAIN ENTRY--PERSONAL NAME
Personal name Gill, Michael
Fuller form of name (Michael Gates)
245 10 - TITLE STATEMENT
Title How Starbucks saved my life :
Remainder of title a son of privilege learns to live like everyone else /
Statement of responsibility, etc Michael Gates Gill.
260 ## - PUBLICATION, DISTRIBUTION, ETC. (IMPRINT)
Place of publication, distribution, etc New York :
Name of publisher, distributor, etc Gotham Books,
Date of publication, distribution, etc c2008.
300 ## - PHYSICAL DESCRIPTION
Extent 265 pages :
Dimensions 20 cm.
520 ## - SUMMARY, ETC.
Summary, etc In his fifties, Michael Gates Gill had it all: a big house, a loving family, and a six-figure salary. By sixty, he had lost everything: downsized at work, divorced at home, and diagnosed with a slow-growing brain tumor, Gill had no money, no insurance, and no prospects. He took a job at Starbucks, and for the first time in his life, he was a minority--the only older white guy working with a team of young African-Americans. He was forced to acknowledge his prejudices and admit that his new job was hard. And his younger coworkers, despite half the education and twice the personal difficulties, were running circles around him. Crossing over the Starbucks bar was the beginning of a transformation that cracked his world wide open. When all of his defenses and the armor of entitlement had been stripped away, a humbler, happier and gentler man remained.--From publisher description.
600 10 - SUBJECT ADDED ENTRY--PERSONAL NAME
Personal name Gill, Michael
Fuller form of name (Michael Gates)
610 20 - SUBJECT ADDED ENTRY--CORPORATE NAME
Corporate name or jurisdiction name as entry element Starbucks Coffee Company
General subdivision Employees
Geographic subdivision New York (State)
-- New York
Form subdivision Biography.
650 #0 - SUBJECT ADDED ENTRY--TOPICAL TERM
Topical term or geographic name as entry element Advertising executives
Geographic subdivision New York (State)
-- New York
Form subdivision Biography.
650 #0 - SUBJECT ADDED ENTRY--TOPICAL TERM
Topical term or geographic name as entry element Marketing consultants
Geographic subdivision New York (State)
-- New York
Form subdivision Biography.
650 #0 - SUBJECT ADDED ENTRY--TOPICAL TERM
Topical term or geographic name as entry element Coffeehouses
Geographic subdivision New York (State)
-- New York.
650 #0 - SUBJECT ADDED ENTRY--TOPICAL TERM
Topical term or geographic name as entry element Acoustic neuroma
General subdivision Patients
Form subdivision Biography.
856 42 - ELECTRONIC LOCATION AND ACCESS
Materials specified Publisher description
Uniform Resource Identifier <a href="http://www.loc.gov/catdir/enhancements/fy0804/2007008168-d.html">http://www.loc.gov/catdir/enhancements/fy0804/2007008168-d.html</a>
856 42 - ELECTRONIC LOCATION AND ACCESS
Materials specified Contributor biographical information
Uniform Resource Identifier <a href="http://www.loc.gov/catdir/enhancements/fy0804/2007008168-b.html">http://www.loc.gov/catdir/enhancements/fy0804/2007008168-b.html</a>
906 ## - LOCAL DATA ELEMENT F, LDF (RLIN)
a 7
b cbc
c orignew
d 1
e ecip
f 20
g y-gencatlg
942 ## - ADDED ENTRY ELEMENTS (KOHA)
Source of classification or shelving scheme Library of Congress Classification
Koha item type Books
Call number prefix Foreign
Holdings
Withdrawn status Lost status Source of classification or shelving scheme Damaged status Home library Current library Shelving location Date acquired Source of acquisition Sub Shelving location Total Checkouts Full call number Barcode Date last seen Date checked out Price effective from Koha item type
    Library of Congress Classification   College Library College Library General Circulation Section 12/11/2014 Donation   1 HF 5810.H44 .G475 2008 C19034 05/15/2018 01/05/2015 12/11/2014 Books

How Starbucks saved my life :

APA

Gill M., . (2008). How Starbucks saved my life. New York: Gotham Books.

Chicago

Gill Michael, . 2008. How Starbucks saved my life. New York: Gotham Books.

Harvard

Gill M., . (2008). How Starbucks saved my life. New York: Gotham Books.

MLA

Gill Michael, . How Starbucks saved my life. New York: Gotham Books. 2008.

  • Place hold
  • Print
  • Cite
  • Add to your cart (remove)
  • Save record
    BIBTEX Dublin Core MARCXML MARC (non-Unicode/MARC-8) MARC (Unicode/UTF-8) MARC (Unicode/UTF-8, Standard) MODS (XML) RIS
  • More searches
    Search for this title in:
    Other Libraries (WorldCat) Other Databases (Google Scholar) Online Stores (Bookfinder.com) Open Library (openlibrary.org)

Exporting to Dublin Core...

SOUTHVILLE LIBRARY

Southville International School and Colleges Library

1281 Tropical Ave. Cor. Luxembourg St., BF Homes International, Las Pinas City

Tel. No. 8256374 / 252358 Loc. 117/146

Powered by Koha